NHL Players - Sudden Death - Statistics

General Stats
  • This quiz has been taken 140 times
  • The average score is 7 of 15
Answers on the Grid
Answers color-coded by a green-red scale on the quiz's grid according to % correct below.
Zarley Zalapski
Darren Puppa
Miroslav Satan
Jeff Beukeboom
Bill Quakenbush
Jordin Tootoo
Larry Playfair
Tony Twist
Radek Bonk
Garth Butcher
Zemgus Girgensons
Bob Beers
Jonathan Cheechoo
Wayne Gretzky
Tuukka Rask
Diamond Smith
Soap Robinson
Slap Ladder
Jett Lagg
Shroom Slark
Ashton Everill
Maxwell Colfer
Lionel Messi
Cougar Forrest
Skapper Johnson
Rondo Hollins
Han Sloloo
Scapula Small
Middle Car
Stack Williams
 
Answer Stats
Answer % Correct
Wayne Gretzky
93%
Tuukka Rask
78%
Jordin Tootoo
59%
Jonathan Cheechoo
56%
Miroslav Satan
52%
Zemgus Girgensons
47%
Jeff Beukeboom
44%
Radek Bonk
43%
Zarley Zalapski
36%
Garth Butcher
35%
Bill Quakenbush
27%
Darren Puppa
27%
Bob Beers
23%
Tony Twist
20%
Larry Playfair
19%
No matching quizzes found
Score Distribution
Percent of People with Each Score
Percentile by Number Answered
Your Score History
You have not taken this quiz